Statistics for I See A Dreamer Lyrics

Click here to take the quiz!

General Stats

  • This quiz has been taken 148 times
  • The average score is 229 of 291

Answer Stats

Lyrics% Correct
a
100%
I
100%
the
99%
dreamer
95%
dreamer,
95%
see
95%
no,
93%
no
93%
by
91%
win.
91%
water.
90%
for
89%
over
89%
As
88%
got
88%
and
86%
but
86%
But
86%
me!
86%
me
86%
there
86%
to
86%
take
85%
you
85%
breath
84%
round.
84%
sin
83%
victory.
83%
whips
83%
wind
83%
be
81%
never
81%
of
80%
flag?
79%
he's
79%
My
79%
my
79%
Wanna
79%
wanna
79%
in
78%
in.
78%
white
78%
you'll
78%
You'll
78%
black
76%
na,
76%
na
76%
Na
76%
not
76%
play
76%
tag,
76%
wave
76%
yellow
76%
your
76%
can
75%
can!
75%
Cause
75%
energy.
75%
on
75%
or
75%
slaughter.
75%
bee,
74%
flying
74%
Flying
74%
like
74%
ripe
74%
touch
74%
do
73%
hear
73%
it
73%
naturally.
71%
Only
71%
phobia.
71%
phobia,
71%
phobia
71%
Phobia,
71%
sing
71%
sing.
71%
team,
71%
all
70%
own
70%
don't
69%
It's
69%
know,
69%
know
69%
So
69%
King
66%
words.
66%
Can't
65%
demise,
65%
hearts,
65%
is
65%
song
65%
battalions
64%
boat
64%
I'm
64%
better
63%
eyes.
63%
eyes
63%
if
63%
listening.
63%
right
63%
why
63%
fire
61%
I've
61%
kakorrhaphiophobia.
61%
end,
60%
fortress,
60%
full,
60%
goes.
60%
off
60%
how
59%
journey,
59%
that's
59%
I'll
58%
their
58%
returning.
56%
dragons,
55%
Enjoy
55%
friend.
55%
making,
55%
little
54%
them
54%
this
54%
battle
53%
closed.
53%
line
53%
road
53%
refuse
51%
fail.
50%
We
50%
You've
50%
conquer
49%
drawn
49%
tale.
49%
heed
45%
They've
45%
hole.
44%
stare
44%
oh,
43%
Oh,
43%
cautionary
41%
swin?
30%

Score Distribution

Percentile by Number Answered

Percent of People with Each Score

Your Score History

You have not taken this quiz